| 000 | 00873cam a22002535a 4500 | ||
|---|---|---|---|
| 001 | L150813 | ||
| 002 | 17775 | ||
| 008 | 100907s2008 xxk f 000 0 eng d | ||
| 020 | _a9781901171334 | ||
| 035 | _a(Sirsi) u150813 | ||
| 041 | 0 | _aeng | |
| 110 | 2 |
_aAssociation of Consultant Architects _91156 |
|
| 245 | 0 | 0 |
_aSPC2000 _bACA standard form of specialist contract for project partnering, amended 2008 |
| 260 |
_aBromley _bACA _c2008 |
||
| 300 |
_ax, 42p. _c30cm. |
||
| 520 | _aSPC2000 (amended 2008) is a specialist contract for project partnering. It should be used with PPC2000 (amended 2008), the ACA standard form of contract for project partnering. | ||
| 590 | _aKA | ||
| 650 | 2 | 4 | _aSPC2000 |
| 651 | 4 |
_aEngland and Wales _y1543- |
|
| 690 | _aBUILT ENVIRONMENT-BUILDING CONTRACT FORMS | ||
| 700 | 1 | _aMosey, David | |
| 700 | 1 | _aMorrish, Charles | |
| 942 | _n0 | ||
| 999 |
_c110988 _d110988 |
||